Nároky na průkaz efektivnosti investic studijní texty - 1984

Gespeichert in:
Bibliographische Detailangaben
1. Verfasser: Čemus, Jan
Format: Buch
Sprache:Tschechisch
Veröffentlicht: Praha Dům techniky ČSVTS 1984
Tags: Tag hinzufügen
Keine Tags, Fügen Sie das erste Tag hinzu!

MARC

LEADER 00000nam a2200000 4500
001 c111046
005 20181203150318.8
041 0 |a cze 
044 |a CZ 
245 1 0 |a Nároky na průkaz efektivnosti investic  |b studijní texty - 1984  |c Jan Čemus 
264 1 |a Praha  |b Dům techniky ČSVTS  |c 1984 
300 |a 69 s. 
100 1 |a Čemus, Jan